European identity and its relationship to national and ethnic identities among younger and older members of ethnic minority groups

Analýza európskej identity medzi 12 národnostnými skupinami v krajinách strednej a východnej Európy, ktoré sa už stali alebo mohli by sa stať členmi Európskej únie. Účelom je preskúmať voľbu európskej identity a postoje k Európe vo vzťahu k iným identitám medzi respondentmi, ktorí majú pôvod v n...

Ausführliche Beschreibung

Gespeichert in:
Bibliographische Detailangaben
1. Verfasser: Waechter, Natalia
Weitere Verfasser: Samoilova, Evgenia
Format: Buchkapitel
Sprache:Englisch
Schlagworte:
Tags: Tag hinzufügen
Keine Tags, Fügen Sie das erste Tag hinzu!

MARC

LEADER 00000nla a2200000 4500
001 0190928
005 20240417075046.2
041 0 |a eng 
044 |a SK 
245 1 0 |a European identity and its relationship to national and ethnic identities among younger and older members of ethnic minority groups  |c Natalia Waechter, Evgenia Samoilova 
520 |a Analýza európskej identity medzi 12 národnostnými skupinami v krajinách strednej a východnej Európy, ktoré sa už stali alebo mohli by sa stať členmi Európskej únie. Účelom je preskúmať voľbu európskej identity a postoje k Európe vo vzťahu k iným identitám medzi respondentmi, ktorí majú pôvod v národnostnej menšine. Štúdia sa zaoberá touto otázkou v rámci životnej perspektívy a skúma rozdiely v úrovni identity medzi mladšími a staršími príslušníkmi menšinových skupín. 
610 2 0 |a menšiny národnostné 
610 2 0 |a identita 
610 2 0 |a Európa 
610 2 0 |a východná Európa 
610 2 0 |a štúdie prípadové 
610 2 0 |a prieskum štatistický 
100 1 |a Waechter, Natalia 
700 1 |a Samoilova, Evgenia